Μια εισαγωγή εις τα σύγχρονα μαθηματικά : προσηρμοσμένη εις τας ανάγκας της μέσης παιδείας
Αποθηκεύτηκε σε:
| Κύριος συγγραφέας: | |
|---|---|
| Συγγραφή απο Οργανισμό/Αρχή: | |
| Μορφή: | Βιβλίο |
| Γλώσσα: | Greek German |
| Δημοσίευση: |
Αθήναι :
Εκδόσεις Ελληνικής Μαθηματικής Εταιρείας,
1962.
|
| Θέματα: | |
| Ετικέτες: |
Προσθήκη ετικέτας
Δεν υπάρχουν, Καταχωρήστε ετικέτα πρώτοι!
|
MARC
| LEADER | 00000cam a2200000 a 4500 | ||
|---|---|---|---|
| 001 | 1/108645 | ||
| 008 | 150915s1962####gr | ||| |||||||gre|| | ||
| 040 | |a GR-MyUa |b gre |c GR-MyUa |e AACR2 | ||
| 041 | 1 | |a gre |h ger | |
| 082 | 7 | |a 510 |2 (23) | |
| 100 | 1 | |a Haupt, Otto, |d 1887-1988. | |
| 245 | 1 | 3 | |a Μια εισαγωγή εις τα σύγχρονα μαθηματικά : |b προσηρμοσμένη εις τας ανάγκας της μέσης παιδείας / |c Otto Haupt ; Ελληνική Μαθηματική Εταιρεία. |
| 260 | |a Αθήναι : |b Εκδόσεις Ελληνικής Μαθηματικής Εταιρείας, |c 1962. | ||
| 300 | |a 54 σ. ; |c 23 εκ. | ||
| 500 | |a Μετάφρασις εκ του Γερμανικού κειμένου. Σειρά διαλέξεων οργανωθείσα υπό της Ελληνικής Μαθηματικής Εταιρείας. | ||
| 650 | 0 | |a Mathematics |x Study and teaching. | |
| 710 | 2 | |a Ελληνική Μαθηματική Εταιρεία. | |
| 852 | |a INST |b SAMOS |c MAG |e 20150915 |h 510 HAU |p 005300042688 |q 005300042688 |t BK |y 0 | ||
| 970 | |a Σιτζίμη |b Γιασεμή |z 15/09/2015 | ||